[Event "Ljubljana-chT 62nd 2nd League"]
[Site "Ljubljana"]
[Date "2009.01.22"]
[Round "3.4"]
[White "Krivorotov, Stane"]
[Black "Kobold, Andrej"]
[Result "0-1"]
[WhiteElo "1606"]
[BlackElo "1604"]
[PlyCount "56"]
[EventDate "2009.01.08"]
[EventType "team-tourn"]
[EventRounds "9"]
[EventCountry "SLO"]
[SourceTitle "EXT 2022"]
[Source "ChessBase"]
[SourceDate "2021.10.06"]
[SourceVersion "1"]
[SourceVersionDate "2021.10.06"]
[SourceQuality "1"]
[WhiteTeam "Barob Smarca II"]
[BlackTeam "Menges Trzin"]
[WhiteTeamCountry "SLO"]
[BlackTeamCountry "SLO"]

1. e4 e5 2. Nf3 Nc6 3. Bb5 a6 4. Bxc6 dxc6 5. d3 Bd6 6. b3 Ne7 7. Bb2 Ng6 8. 0-0 0-0 9. Nbd2 f6 10. Nc4 Be6 11. Ne3 Qd7 12. d4 exd4 13. Bxd4 Rad8 14. c3 c5 15. Qc2 cxd4 16. cxd4 Bg4 17. Nxg4 Qxg4 18. h3 Qf4 19. Qd3 Nh4 20. g3 Qxf3 21. Qxf3 Nxf3+ 22. Kg2 Nxd4 23. Rad1 Nc6 24. Rd5 Bb4 25. Rc1 Ba3 26. Rcd1 Rxd5 27. Rxd5 Rd8 28. Rxd8+ Nxd8 0-1